000 01526cam a2200361 a 4500
001 15379335
003 OSt
005 20180117085956.0
008 080724s2009 enka b 001 0 eng
010 _a 2008032203
020 _a9781405176606 (hbk. : alk. paper)
020 _a1405176601 (hbk. : alk. paper)
035 _a(OCoLC)ocn241304320
040 _aDLC
_cDLC
_dBTCTA
_dYDXCP
_dBWKUK
_dCDX
_dBWK
_dEUF
_dHEBIS
_dDLC
043 _an-us---
050 0 0 _aHC110.P6
_bW648 2009
082 0 0 _a305.5/690973
_222
100 1 _aWolff, Edward N.
245 1 0 _aPoverty and income distribution /
_cEdward N. Wolff.
250 _a2nd ed.
260 _aChichester, U.K. ;
_aMalden, MA :
_bWiley-Blackwell,
_c2009.
300 _axvi, 650 p. :
_bill. ;
_c26 cm.
500 _aRev. ed. of: Economics of poverty inequality and discrimination / Edward Nathan Wolff. c1997.
504 _aIncludes bibliographical references and index.
650 0 _aPoverty
_zUnited States.
650 0 _aPoor
_zUnited States.
650 0 _aIncome distribution
_zUnited States.
700 1 _aWolff, Edward N.
_tEconomics of poverty inequality and discrimination.
906 _a7
_bcbc
_corignew
_d1
_eecip
_f20
_gy-gencatlg
942 _2ddc
_cBK
999 _c3085
_d3085